000 00762nam a2200241 a 4500
001 BRCA_7012
005 20190321142934.0
008 251111s1900----enka######---#000-0#eng-#
041 _aeng
044 _aenk
050 4 _b.S53 1900
100 1 _aShakespeare, William
_d1564-1616
_910760
245 1 0 _aShakespeare´s Comedies
260 _aLondres
_bSimpkin
_c[19--]
300 _a2 v.
_bil.
_c17 cm.
500 _aTítulo de cubierta: v.1.The comedies of Shakespeare.-- v.2.The tragedies of Shakespeare
500 _aEstado físico: lomo deteriorado en ambos volúmenes
501 _aO20
505 0 _aContenido: v.1. Shakespeare´s Comedies. -- v.2. Shakespeare´s Tragedies
650 1 4 _aLiteratura inglesa
_917444
902 _aGFM
942 _2lcc
_cB
999 _c6693
_d6693